• 首页
  • 本馆介绍
  • 公告通知
  • 最新文献
  • 馆藏检索
  • 电子资源
  • 读者导购
  • 参考咨询
  • 我的图书馆
  • 登录
  • 详细信息显示
  • 放入我的书架
  • 预约/预借图书
  • 作者相关作品
  • 分类相关作品
  • 丛书相关作品
  • 出版社相关作品

书目信息

  • 表格格式
  • 工作单格式
  • 卡片格式
题名:
球类运动
    
 
作者: 黄汉升 主编
分册:   排球
出版信息: 北京   高等教育出版社  2018
页数: 439页
开本: 23cm
丛书名: 普通高等学校体育教育专业主干课系列教材
单 册:
中图分类: G84 , G842
科图分类:
主题词: 球类运动--qiu lei yun dong--高等学校--教材 , 排球运动--pai qiu yun dong--高等学校--教材
电子资源:
ISBN: 978-7-04-043836-9
000 01147nam 2200349 45
001 012001005143
005 20191213102207.29
010    @a978-7-04-043836-9@dCNY46.50
099    @aCAL 012015154100
100    @a20151207d2015 ekmy0chiy0120 ea
101 0  @achi
102    @aCN@b110000
105    @aak a 000yy
106    @ar
200 1  @a球类运动@AQiu Lei Yun Dong@i排球@f黄汉升主编
205    @a第3版
210    @a北京@c高等教育出版社@d2018
215    @a439页@c图@d23cm
225 2  @a普通高等学校体育教育专业主干课系列教材@Apu tong gao deng xue xiao ti yu jiao yu zhuan ye zhu gan ke xi lie jiao cai
300    @a“十二五”普通高等教育本科国家级规划教材
300    @a其他题名:排球
320    @a有书目
410  0 @12001@@a普通高等学校体育教育专业主干课系列教材
461  0 @12001 @a普通高等学校体育教育专业主干课系列教材
517 1  @a排球@Apai qiu
606 0  @a球类运动@Aqiu lei yun dong@x高等学校@j教材
606 0  @a排球运动@Apai qiu yun dong@x高等学校@j教材
690    @aG84@v5
690    @aG842@v5
701  0 @a黄汉升@AHuang Han Sheng@4主编
801    @b江苏凤凰@c20191020
905    @b1207491-4@dG84@e593=3@f4
    
    球类运动.排球/黄汉升主编.-第3版.-北京:高等教育出版社,2018
    439页:图;23cm.-(普通高等学校体育教育专业主干课系列教材)
    “十二五”普通高等教育本科国家级规划教材.-其他题名:排球
    
    ISBN 978-7-04-043836-9:CNY46.50
    
●
相关链接 在E读中查询图书 在五车中查询图书 在当当中查询图书 在豆瓣中查询图书


正题名:球类运动     索取号:G84/593=3         预约/预借

序号 登录号 条形码 馆藏地/架位号 状态 备注
1 1207491   212074912   第一样本阅览室/ [索取号:G84/593=3] 在馆    
2 1207492   212074921   教育系资料室/ [索取号:G84/593=3] 在馆    
3 1207493   212074930   教育系资料室/ [索取号:G84/593=3] 在馆    
4 1207494   212074949   第四借阅区/ [索取号:G84/593=3] 在馆    
唐山师范学院图书馆 欢迎您!
大连网信软件有限公司© 版权所有